La Syrie pour les touristes... - Statistiques

Statistiques générales
  • Ce quiz a été pris 78 fois
  • Le résultat moyen est 7 sur 20
Statistiques - réponses
Question Indice Réponses % Correct
Quelle est la langue officielle ? Arabe
100%
Achats à faire 1/ Savon d' Alep
83%
Quelles sont les principaux lieux touristiques ? A Citadelle d'{Alep}
83%
Le principal aéroport est D Damas
66%
La religion majoritaire est Islam
56%
Le suffixe internet est sy
56%
Dans la capitale quel est le décalage horaire avec Paris ? (+ ou - et chiffre) ex - 10 ou + 3,5 + 1
47%
Combien d'heures (environ) mettrez-vous pour vous y rendre ? (en chiffres) 5
41%
Code sur les plaques minéralogiques SYR
33%
Quelle est la monnaie ? Livre syrienne
28%
Quel est le climat local ? T Tempéré
28%
Quelles sont les principaux lieux touristiques ? P Site de {Palmyre}
25%
Quelles sont les principaux lieux touristiques ? C Krach des {Chevaliers}
22%
Quelles sont les principaux lieux touristiques ? O Mosquée {omeyyade} de Damas
14%
Comment se nomme la principale compagnie aérienne locale S A A Syrian Arab Airlines
8%
Quelles sont les principaux lieux touristiques ? B Théâtre de {Busra}
5%
Achats à faire 3/ Douceur aux pistaches Nougat
3%
Achats à faire 4/ Tissu rembourré dit Damassé
2%
Achats à faire 2/ Vêtement local Galabieh
2%
Quel est le régime du pays ? R P République semi-présidentielle
2%
Aucun quiz correspondant
Distribution des résultats
% des personnes avec chaque résultat
Percentile par nombre de réponses
Votre historique - résultats
Vous n’avez pas pris ce quiz